[Event "Australasian Masters IM"]
[Site "Melbourne"]
[Date "2014.12.17"]
[Round "5.4"]
[White "Dizdarevic, Mehmedalija"]
[Black "Liu, Yi"]
[Result "0-1"]
[WhiteElo "1923"]
[BlackElo "2233"]
[PlyCount "92"]
[EventDate "2014.12.??"]
[EventType "tourn"]
[EventRounds "9"]
[EventCountry "AUS"]
[SourceDate "2014.12.14"]

1. e4 e6 2. d4 d5 3. Nc3 Nf6 4. e5 Nfd7 5. f4 c5 6. Nf3 Nc6 7. Be3 a6 8. Qd2 b5
9. dxc5 Bxc5 10. Nd4 Qb6 11. Nxc6 Bxe3 12. Qe2 Bc5 13. Qg4 g6 14. Bd3 Qxc6 15.
O-O-O b4 16. Ne2 Bb7 17. Qh4 Be7 18. Qg3 O-O-O 19. Nd4 Qb6 20. Nb3 Nc5 21. Kb1
Nxb3 22. axb3 Kb8 23. Qf3 Rc8 24. Qe2 h5 25. g3 Ka7 26. h3 Bc6 27. g4 hxg4 28.
hxg4 Bb5 29. f5 Bxd3 30. Qxd3 gxf5 31. gxf5 Rxh1 32. Rxh1 Rg8 33. Qf1 Bc5 34.
fxe6 Qxe6 35. Qf4 Rg4 36. Qf3 Rg1+ 37. Rxg1 Bxg1 38. c3 Bc5 39. Qf4 bxc3 40.
bxc3 Bb6 41. Kc2 Bc7 42. Qd4+ Ka8 43. Qc5 Bxe5 44. b4 Qd6 45. Qc8+ Ka7 46. Qf5
Qg6 0-1

[Event "Australasian Masters IM"]
[Site "Melbourne"]
[Date "2014.12.17"]
[Round "5.5"]
[White "Smith, Robert"]
[Black "Jordan, William"]
[Result "0-1"]
[WhiteElo "2245"]
[BlackElo "2233"]
[PlyCount "182"]
[EventDate "2014.12.??"]
[EventType "tourn"]
[EventRounds "9"]
[EventCountry "AUS"]
[SourceDate "2014.12.14"]

1. e4 c5 2. Nf3 d6 3. d4 Nf6 4. Nc3 cxd4 5. Nxd4 g6 6. g3 Nc6 7. Nde2 Bg7 8.
Bg2 O-O 9. O-O Rb8 10. a4 a6 11. h3 b5 12. axb5 axb5 13. Be3 b4 14. Nd5 Nd7 15.
Nd4 Bb7 16. Qd2 Nc5 17. Rfe1 b3 18. c3 Ne5 19. Qe2 Ned3 20. Red1 e6 21. Nb4
Nxb4 22. cxb4 Nxe4 23. Nxb3 Bd5 24. Nd2 Nf6 25. b5 Bxg2 26. Kxg2 Nd5 27. Ba7
Bxb2 28. Bxb8 Qxb8 29. Ne4 Bxa1 30. Rxa1 Qb7 31. Kh2 Rd8 32. Ra6 Nb6 33. Qd3
Qc7 34. Qd4 Nd5 35. Ra7 Qb8 36. Nf6+ Nxf6 37. Qxf6 Rf8 38. Qe7 Qxb5 39. Qxd6
Qf5 40. Qd4 Qf3 41. Qc5 Rd8 42. Ra3 Qd5 43. Qe7 Kg7 44. Qb4 h5 45. h4 e5 46.
Qe1 Re8 47. Qe3 Qd4 48. Rd3 Qxe3 49. Rxe3 Kf6 50. Ra3 Rb8 51. Ra2 Kf5 52. Kg2
Rb4 53. Rc2 g5 54. hxg5 Kxg5 55. Rc8 h4 56. Rg8+ Kf5 57. Rf8 f6 58. Rh8 hxg3
59. Kxg3 Rb3+ 60. Kg2 Kf4 61. Rh1 Kg5 62. Rh8 Ra3 63. Rf8 f5 64. Rg8+ Kf4 65.
Rh8 e4 66. Rh4+ Ke5 67. Rh5 Rf3 68. Rh8 Kd4 69. Rd8+ Ke5 70. Rh8 Rb3 71. Rh5
Rb2 72. Kg3 Rb8 73. Kg2 Kf4 74. Rh4+ Kg5 75. Rh7 Rg8 76. Kf1 Kg4 77. Ke2 Ra8
78. Rg7+ Kf4 79. Rg3 Ra2+ 80. Kf1 Ke5 81. Rg8 f4 82. Rg5+ Kd4 83. Rg8 Ra1+ 84.
Kg2 f3+ 85. Kh2 Kd3 86. Re8 Ke2 87. Rxe4+ Kxf2 88. Rb4 Kf1 89. Rb7 f2 90. Re7
Re1 91. Rf7 Ke2 0-1

[Event "Australasian Masters IM"]
[Site "Melbourne"]
[Date "2014.12.18"]
[Round "6.1"]
[White "Izzat, Kanan"]
[Black "Jordan, William"]
[Result "1-0"]
[WhiteElo "2402"]
[BlackElo "2233"]
[PlyCount "95"]
[EventDate "2014.12.??"]
[EventType "tourn"]
[EventRounds "9"]
[EventCountry "AUS"]
[SourceDate "2014.12.14"]

1. d4 Nf6 2. c4 g6 3. Nc3 d5 4. Nf3 Bg7 5. Bg5 Ne4 6. Bh4 Nxc3 7. bxc3 dxc4 8.
e3 b5 9. a4 c6 10. Nd2 Be6 11. Be2 a6 12. Bf3 Ra7 13. O-O O-O 14. Qe2 Rc7 15.
Bg3 Rc8 16. axb5 axb5 17. Ra7 Nd7 18. Rfa1 Nb6 19. Ne4 Na4 20. R7xa4 bxa4 21.
Nc5 Bd7 22. Rxa4 Ra8 23. Rxa8 Qxa8 24. Nxd7 Qa1+ 25. Qf1 Ra8 26. Nb6 Ra6 27.
Nxc4 Qxc3 28. Nb2 Ra2 29. Nd1 Qc2 30. h4 h5 31. Kh2 Bf6 32. Qe1 Ra1 33. Qe2 Qa4
34. Nc3 Qb4 35. Ne4 Qb1 36. Nxf6+ exf6 37. Bf4 Qh1+ 38. Kg3 Rg1 39. Qa6 g5 40.
hxg5 h4+ 41. Kg4 Rxg2+ 42. Bxg2 Qxg2+ 43. Kxh4 Kh7 44. Qd3+ Kg7 45. Qf5 Qf3 46.
Qg4 Qd5 47. e4 Qxe4 48. gxf6+ 1-0

[Event "Australasian Masters IM"]
[Site "Melbourne"]
[Date "2014.12.18"]
[Round "6.2"]
[White "Liu, Yi"]
[Black "Smith, Robert"]
[Result "1-0"]
[WhiteElo "2233"]
[BlackElo "2245"]
[PlyCount "91"]
[EventDate "2014.12.??"]
[EventType "tourn"]
[EventRounds "9"]
[EventCountry "AUS"]
[SourceDate "2014.12.14"]

1. d4 Nf6 2. Nf3 g6 3. c4 Bg7 4. Nc3 O-O 5. e4 d6 6. Be2 Na6 7. O-O e5 8. d5
Nc5 9. Qc2 a5 10. Bg5 h6 11. Be3 Ne8 12. Nd2 f5 13. exf5 gxf5 14. f4 e4 15. a3
Qf6 16. Rac1 a4 17. Kh1 Bd7 18. Rg1 Qg6 19. Nb5 b6 20. Nb1 Bxb5 21. cxb5 Nf6
22. Nc3 Ng4 23. Bxg4 Qxg4 24. Rgf1 Nd3 25. Rcd1 Kh7 26. Rd2 Nc5 27. h3 Qg3 28.
Bxc5 bxc5 29. Nxa4 Rfb8 30. Nxc5 Rxb5 31. Ne6 Rxb2 32. Qc1 Rxd2 33. Qxd2 Rxa3
34. Rc1 Rc3 35. Rxc3 Qxc3 36. Qe2 Bd4 37. Kh2 Qe3 38. Qd1 Bg7 39. Qh5 Kg8 40.
Qe8+ Kh7 41. Qf7 Qc3 42. Qxf5+ Kh8 43. Qxe4 Qc1 44. Qg6 Qc3 45. Qe8+ Kh7 46.
Qf7 1-0

[Event "Australasian Masters IM"]
[Site "Melbourne"]
[Date "2014.12.18"]
[Round "6.3"]
[White "Canfell, Greg"]
[Black "Dizdarevic, Mehmedalija"]
[Result "1-0"]
[WhiteElo "2349"]
[BlackElo "1923"]
[PlyCount "143"]
[EventDate "2014.12.??"]
[EventType "tourn"]
[EventRounds "9"]
[EventCountry "AUS"]
[SourceDate "2014.12.14"]

1. Nf3 Nf6 2. c4 e6 3. g3 b6 4. Bg2 Bb7 5. Nc3 Bb4 6. Qc2 O-O 7. O-O d5 8. b3
dxc4 9. bxc4 Nbd7 10. Bb2 Re8 11. Rad1 Qc8 12. d4 c6 13. e4 Nf8 14. e5 N6d7 15.
Ne4 Be7 16. Rfe1 Qc7 17. Re3 Ng6 18. h4 Rad8 19. h5 Ngf8 20. c5 h6 21. Nd6 Bxd6
22. cxd6 Qb8 23. Ba3 Rc8 24. Rc3 Qa8 25. Rc1 c5 26. dxc5 bxc5 27. Qe2 Bd5 28.
Bxc5 Qb7 29. a3 a5 30. Bd4 Rxc3 31. Rxc3 Rc8 32. Rxc8 Qxc8 33. Qb2 Qa8 34. Qc3
Qb7 35. Ne1 Bxg2 36. Nxg2 Qb5 37. Nf4 Qb1+ 38. Kh2 Qb5 39. Nd3 Qa4 40. Nb2 Qb5
41. Qc4 Qb7 42. Qc3 Qb5 43. Nd3 Qd5 44. Nc5 f6 45. Nxd7 Nxd7 46. exf6 gxf6 47.
Qc8+ Nf8 48. Bc5 Qxh5+ 49. Kg2 Qd5+ 50. f3 Kf7 51. Qc7+ Kg8 52. Be3 Qa2+ 53.
Kh3 Qd5 54. Kg2 Qa2+ 55. Bf2 Qd5 56. a4 h5 57. Qe7 f5 58. Qg5+ Kh7 59. Qxh5+
Kg7 60. Be3 Qxd6 61. Bh6+ Kf6 62. Qg5+ Kf7 63. Qg7+ Ke8 64. Qg8 Qe7 65. Bxf8
Qxf8 66. Qxe6+ Kd8 67. Qd5+ Ke7 68. Qc5+ Ke8 69. Qxf8+ Kxf8 70. Kf2 Ke7 71. Ke3
Kd6 72. Kd4 1-0

[Event "Australasian Masters IM"]
[Site "Melbourne"]
[Date "2014.12.18"]
[Round "6.4"]
[White "Schon, Eugene"]
[Black "Rujevic, Mirko"]
[Result "1-0"]
[WhiteElo "2287"]
[BlackElo "2211"]
[PlyCount "71"]
[EventDate "2014.12.??"]
[EventType "tourn"]
[EventRounds "9"]
[EventCountry "AUS"]
[SourceDate "2014.12.14"]

1. d4 g6 2. e4 Bg7 3. Nc3 d6 4. f4 Nf6 5. Nf3 O-O 6. Bd3 c6 7. O-O Nbd7 8. e5
Ne8 9. Ne4 c5 10. c3 cxd4 11. cxd4 Nb6 12. Qe2 Bf5 13. Bd2 e6 14. Bb5 dxe5 15.
dxe5 Nc7 16. Nd6 Nxb5 17. Qxb5 Nd5 18. Nd4 a6 19. Qb3 b5 20. N4xf5 gxf5 21.
Rad1 Qb6+ 22. Kh1 Rad8 23. Rf3 f6 24. Be3 Qc6 25. Bd4 Kh8 26. Rg3 fxe5 27. Bxe5
Bxe5 28. fxe5 Rd7 29. Rf3 f4 30. Re1 Rg7 31. Qd3 Qc7 32. g3 Rfg8 33. gxf4 Qc5
34. Rg3 Nxf4 35. Qf3 Qc2 36. Qxf4 1-0

[Event "Australasian Masters IM"]
[Site "Melbourne"]
[Date "2014.12.18"]
[Round "6.5"]
[White "Bjelobrk, Igor"]
[Black "Gorka, Carl"]
[Result "1-0"]
[WhiteElo "2355"]
[BlackElo "2089"]
[PlyCount "87"]
[EventDate "2014.12.??"]
[EventType "tourn"]
[EventRounds "9"]
[EventCountry "AUS"]
[SourceDate "2014.12.14"]

1. Nf3 d5 2. c4 e6 3. b3 Nf6 4. g3 Be7 5. Bg2 O-O 6. O-O Nbd7 7. Bb2 a5 8. d3
Nc5 9. Nbd2 b6 10. Qc2 Bb7 11. Rac1 Rc8 12. Rfd1 c6 13. Qb1 Rc7 14. Be5 Rc8 15.
Bd4 Ncd7 16. e4 c5 17. Bb2 d4 18. Rf1 e5 19. Bh3 Rc6 20. Rce1 Re8 21. Qd1 Bf8
22. Bc1 Bc8 23. Kg2 g6 24. Nb1 h6 25. Ng1 Nh5 26. Na3 Ndf6 27. Nb5 Bxh3+ 28.
Nxh3 Qd7 29. f3 Bg7 30. g4 Nf4+ 31. Nxf4 exf4 32. Bxf4 h5 33. h3 Kh7 34. Qd2
Ng8 35. Rg1 Be5 36. Bxe5 Rxe5 37. f4 Re8 38. gxh5 gxh5 39. Kh2 f5 40. e5 Nh6
41. Rg5 Rg6 42. Rxg6 Kxg6 43. Rg1+ Kh7 44. Qe2 1-0

[Event "Australasian Masters IM"]
[Site "Melbourne"]
[Date "2014.12.19"]
[Round "7.1"]
[White "Gorka, Carl"]
[Black "Izzat, Kanan"]
[Result "0-1"]
[WhiteElo "2089"]
[BlackElo "2402"]
[PlyCount "26"]
[EventDate "2014.12.??"]
[EventType "tourn"]
[EventRounds "9"]
[EventCountry "AUS"]
[SourceDate "2014.12.14"]

1. e4 c5 2. Nf3 e6 3. d4 cxd4 4. Nxd4 Nc6 5. Nc3 Qc7 6. Be3 a6 7. Qd2 Nf6 8. f3
Be7 9. O-O-O b5 10. Bf4 e5 11. Nd5 Nxd5 12. exd5 Nxd4 13. Qxd4 d6 0-1

[Event "Australasian Masters IM"]
[Site "Melbourne"]
[Date "2014.12.19"]
[Round "7.2"]
[White "Rujevic, Mirko"]
[Black "Bjelobrk, Igor"]
[Result "1/2-1/2"]
[WhiteElo "2211"]
[BlackElo "2355"]
[PlyCount "225"]
[EventDate "2014.12.??"]
[EventType "tourn"]
[EventRounds "9"]
[EventCountry "AUS"]
[SourceDate "2014.12.14"]

1. e4 e5 2. Nf3 Nc6 3. Bb5 Nf6 4. O-O Nxe4 5. d4 Nd6 6. Bxc6 dxc6 7. dxe5 Nf5
8. Qxd8+ Kxd8 9. Nc3 Ke8 10. h3 h5 11. Ne4 Be7 12. Re1 Be6 13. b3 h4 14. Bf4 a5
15. a4 c5 16. Neg5 Kd7 17. Nxe6 Kxe6 18. Bg5 Rh5 19. Bxe7 Nxe7 20. Rad1 Rah8
21. Rd2 Ng6 22. g4 hxg3 23. fxg3 Ke7 24. h4 Rd8 25. Rxd8 Kxd8 26. e6 fxe6 27.
Rxe6 Ne7 28. Ng5 Kd7 29. Re4 Nc8 30. Ne6 Nd6 31. Re2 Ne8 32. Kg2 b6 33. Ng5 Nd6
34. Ne6 Ne8 35. Nf8+ Kd8 36. Ne6+ Kd7 37. Ng5 Nd6 38. Kh3 Rh6 39. g4 c4 40. Kg3
cxb3 41. cxb3 b5 42. axb5 Nxb5 43. Re5 Rb6 44. Nf3 Nd6 45. Nd2 Ra6 46. h5 a4
47. bxa4 Rxa4 48. Rg5 Ne8 49. Nf3 Ra3 50. Rf5 Nd6 51. Re5 c5 52. g5 c4 53. h6
gxh6 54. gxh6 Nf7 55. Rh5 Nxh6 56. Rxh6 c3 57. Rh2 Ke7 58. Kf4 Kd6 59. Ke4 Ra4+
60. Kd3 Rg4 61. Kxc3 Rg3 62. Rf2 Kd5 63. Kd3 Rg8 64. Ra2 Rg4 65. Ra5+ Kd6 66.
Nd4 Rg1 67. Nf3 Rg4 68. Ke3 Rb4 69. Nd2 Rh4 70. Ne4+ Ke6 71. Kd4 Rh1 72. Ra6+
Ke7 73. Ng3 Rb1 74. Nf5+ Kd7 75. Kc5 Rc1+ 76. Kd5 Rd1+ 77. Nd4 Ke7 78. Rb6 Rf1
79. Nc6+ Kf6 80. Nd4+ Ke7 81. Rb7+ Kf6 82. Rb6+ Ke7 83. Rh6 Rd1 84. Re6+ Kd7
85. Re2 Ra1 86. Rh2 Ra5+ 87. Ke4 Ra1 88. Rh7+ Kd6 89. Rh6+ Kd7 90. Nb3 Rg1 91.
Nc5+ Ke7 92. Re6+ Kf7 93. Ra6 Re1+ 94. Kf5 Rf1+ 95. Ke5 Rb1 96. Rf6+ Ke7 97.
Ra6 Kf7 98. Ra5 Rb2 99. Ne4 Rb1 100. Ra7+ Kg6 101. Ra6+ Kg7 102. Ng3 Rb5+ 103.
Kf4 Kf7 104. Ne4 Rb1 105. Ng5+ Ke7 106. Nf3 Rb4+ 107. Kf5 Rb1 108. Re6+ Kd8
109. Nd2 Rd1 110. Ne4 Kc7 111. Kf6 Rf1+ 112. Ke7 Rd1 113. Nc3 1/2-1/2

[Event "Australasian Masters IM"]
[Site "Melbourne"]
[Date "2014.12.19"]
[Round "7.3"]
[White "Dizdarevic, Mehmedalija"]
[Black "Schon, Eugene"]
[Result "0-1"]
[WhiteElo "1923"]
[BlackElo "2287"]
[PlyCount "62"]
[EventDate "2014.12.??"]
[EventType "tourn"]
[EventRounds "9"]
[EventCountry "AUS"]
[SourceDate "2014.12.14"]

1. e4 e6 2. d4 d5 3. Nc3 Bb4 4. e5 c5 5. a3 Bxc3+ 6. bxc3 Ne7 7. Qg4 cxd4 8.
Qxg7 Rg8 9. Qxh7 Qc7 10. Ne2 Nbc6 11. f4 dxc3 12. Qd3 d4 13. Rb1 Bd7 14. Nxd4
Nxd4 15. Qxd4 Nf5 16. Qf2 Bc6 17. Rg1 Rd8 18. g4 Nd4 19. Rg3 Be4 20. Bd3 Qc6
21. Be3 Bxd3 22. cxd3 Qh1+ 23. Qf1 Qxh2 24. Rg2 Nc2+ 25. Ke2 Qh3 26. Qg1 Nxe3
27. Rg3 Qh4 28. Kxe3 Qe7 29. Rb4 Rh8 30. Qg2 Qc5+ 31. d4 Rxd4 0-1

[Event "Australasian Masters IM"]
[Site "Melbourne"]
[Date "2014.12.19"]
[Round "7.4"]
[White "Smith, Robert"]
[Black "Canfell, Greg"]
[Result "1/2-1/2"]
[WhiteElo "2245"]
[BlackElo "2349"]
[PlyCount "62"]
[EventDate "2014.12.??"]
[EventType "tourn"]
[EventRounds "9"]
[EventCountry "AUS"]
[SourceDate "2014.12.14"]

1. Nf3 Nf6 2. g3 g6 3. Bg2 Bg7 4. O-O O-O 5. d4 d6 6. c4 Nbd7 7. Nc3 e5 8. h3
c6 9. e4 Qb6 10. dxe5 dxe5 11. Qc2 Re8 12. Be3 Qc7 13. b4 Nf8 14. Rfd1 Be6 15.
Bf1 Rad8 16. a3 Bc8 17. Rxd8 Rxd8 18. Rd1 Rxd1 19. Qxd1 a5 20. c5 axb4 21. axb4
h6 22. Qd3 Be6 23. Kh2 N8d7 24. Nd2 b6 25. cxb6 Nxb6 26. Qa6 Nfd7 27. Nc4 Nxc4
28. Bxc4 Bxc4 29. Qxc4 Qd6 30. b5 cxb5 31. Qxb5 Nf6 1/2-1/2

[Event "Australasian Masters IM"]
[Site "Melbourne"]
[Date "2014.12.19"]
[Round "7.5"]
[White "Jordan, William"]
[Black "Liu, Yi"]
[Result "0-1"]
[WhiteElo "2233"]
[BlackElo "2233"]
[PlyCount "212"]
[EventDate "2014.12.??"]
[EventType "tourn"]
[EventRounds "9"]
[EventCountry "AUS"]
[SourceDate "2014.12.14"]

1. Nf3 d5 2. g3 c6 3. Bg2 Bg4 4. d3 Nd7 5. O-O Ngf6 6. Nbd2 e5 7. e4 Bd6 8. Qe1
O-O 9. h3 Bh5 10. Nh4 Re8 11. Bf3 Bxf3 12. Ndxf3 Nc5 13. Bg5 dxe4 14. Bxf6 Qxf6
15. dxe4 Qe6 16. Qe2 Qxh3 17. Ng5 Qd7 18. Nf5 Bf8 19. Kg2 h6 20. Rad1 Qc7 21.
Rh1 Ne6 22. Nxe6 Rxe6 23. Qg4 Kh7 24. Qh4 Be7 25. Qh5 Rg6 26. Rd3 Rd8 27. Rxd8
Bxd8 28. Rd1 Bg5 29. Rd3 Rf6 30. Qd1 g6 31. Nd6 Qb6 32. Rf3 Qd8 33. Rxf6 Bxf6
34. Qd2 Be7 35. Nc4 Qxd2 36. Nxd2 b6 37. Nc4 f6 38. g4 Kg7 39. Nd2 h5 40. gxh5
gxh5 41. Nf3 Kg6 42. Kg3 Bc5 43. Nh4+ Kg5 44. Nf3+ Kg6 45. Nh4+ Kf7 46. Nf5 b5
47. f3 Kg6 48. Kh4 Bf2+ 49. Kh3 Kf7 50. Kg2 Be1 51. Nd6+ Ke6 52. Nf5 Kf7 53.
Nd6+ Kf8 54. Kh3 Bf2 55. Nf5 Kf7 56. Nd6+ Kg6 57. Nf5 Kg5 58. Kg2 Bc5 59. Ng7
Bb6 60. b3 a6 61. a4 Ba5 62. Ne6+ Kg6 63. Nf8+ Kf7 64. Nd7 bxa4 65. bxa4 Bc7
66. Nc5 Bd6 67. Nb7 Ke7 68. Na5 Kd7 69. Kh3 Bb4 70. Nc4 Be1 71. Kg2 Bc3 72. Kg3
Be1+ 73. Kh3 Ke6 74. Kg2 Bh4 75. Kh2 f5 76. Ne3 fxe4 77. fxe4 Kf6 78. Kh3 Be1
79. Nc4 Bc3 80. Kh4 Kg6 81. Ne3 Be1+ 82. Kh3 Kg5 83. Kh2 Bd2 84. Nc4 Bc3 85.
Kg3 h4+ 86. Kf3 h3 87. Kg3 h2 88. Kxh2 Kf4 89. Nd6 Bb4 90. Nb7 Kxe4 91. Nd8 c5
92. Nc6 Kd5 93. Ne7+ Kc4 94. Kg3 Kc3 95. Nc6 c4 96. Kf3 Bd6 97. Ke4 Bc7 98. Kd5
a5 99. Na7 Kxc2 100. Kxc4 e4 101. Kd5 e3 102. Nb5 e2 103. Nd4+ Kd1 104. Nxe2
Kxe2 105. Kc6 Bd8 106. Kd7 Bh4 0-1

[Event "Australasian Masters IM"]
[Site "Melbourne"]
[Date "2014.12.20"]
[Round "8.1"]
[White "Izzat, Kanan"]
[Black "Liu, Yi"]
[Result "1-0"]
[WhiteElo "2402"]
[BlackElo "2233"]
[PlyCount "89"]
[EventDate "2014.12.??"]
[EventType "tourn"]
[EventRounds "9"]
[EventCountry "AUS"]
[SourceDate "2014.12.14"]

1. d4 d5 2. c4 c6 3. Nf3 Nf6 4. Nc3 e6 5. Bg5 dxc4 6. a4 Bb4 7. e4 c5 8. Bxc4
cxd4 9. Bb5+ Bd7 10. Qxd4 Bxc3+ 11. bxc3 Bxb5 12. Qxd8+ Kxd8 13. e5 h6 14. exf6
hxg5 15. fxg7 Rg8 16. axb5 Rxg7 17. h4 gxh4 18. Rxh4 Kc7 19. Rh8 a6 20. g3 Kb6
21. Ne5 f6 22. Nc4+ Kxb5 23. Rc8 Nc6 24. Na3+ Ka4 25. Nb1+ Kb3 26. Nd2+ Kb2 27.
Rb1+ Kc2 28. Rxa8 Ne5 29. Ke2 Rd7 30. Rd1 Nd3 31. Nb3 Nf4+ 32. gxf4 Rxd1 33.
Nd4+ Kc1 34. Nxe6 Rd7 35. Nd4 Kb2 36. Kd3 Rh7 37. Re8 a5 38. Re2+ Kb1 39. c4
Rh1 40. Nb5 Rd1+ 41. Kc3 Rc1+ 42. Kb3 a4+ 43. Kxa4 Rxc4+ 44. Kb3 Rxf4 45. Re1#
1-0

[Event "Australasian Masters IM"]
[Site "Melbourne"]
[Date "2014.12.20"]
[Round "8.2"]
[White "Canfell, Greg"]
[Black "Jordan, William"]
[Result "1-0"]
[WhiteElo "2349"]
[BlackElo "2233"]
[PlyCount "65"]
[EventDate "2014.12.??"]
[EventType "tourn"]
[EventRounds "9"]
[EventCountry "AUS"]
[SourceDate "2014.12.14"]

1. Nf3 Nf6 2. g3 g6 3. Bg2 Bg7 4. O-O O-O 5. c4 d5 6. cxd5 Qxd5 7. d4 Rd8 8.
Nc3 Qh5 9. Qb3 Nbd7 10. Ng5 Rf8 11. Bf3 Qh6 12. Nxf7 Rxf7 13. Bxh6 Bxh6 14. Nd5
Nb6 15. Nxc7 Rb8 16. Ne6 Bd7 17. a4 Bc6 18. Bxc6 bxc6 19. a5 Nbd7 20. Qc4 Ne4
21. Qxc6 Ndf6 22. b4 Ng5 23. Nxg5 Bxg5 24. b5 Ng4 25. b6 axb6 26. axb6 Nxf2 27.
Ra8 Rxa8 28. Qxa8+ Kg7 29. Rxf2 Be3 30. Qf3 Rxf3 31. exf3 Bxd4 32. b7 Be5 33.
Rc2 1-0

[Event "Australasian Masters IM"]
[Site "Melbourne"]
[Date "2014.12.20"]
[Round "8.3"]
[White "Schon, Eugene"]
[Black "Smith, Robert"]
[Result "1-0"]
[WhiteElo "2287"]
[BlackElo "2245"]
[PlyCount "139"]
[EventDate "2014.12.??"]
[EventType "tourn"]
[EventRounds "9"]
[EventCountry "AUS"]
[SourceDate "2014.12.14"]

1. e4 c5 2. Nf3 g6 3. d4 cxd4 4. Nxd4 Nc6 5. Nc3 Bg7 6. Be3 Nf6 7. Bc4 O-O 8.
Bb3 a5 9. O-O d6 10. Ndb5 b6 11. f3 Ba6 12. Qd2 Nd7 13. Bh6 Rc8 14. Bxg7 Kxg7
15. Rfd1 Nc5 16. Bc4 Ne6 17. Nxd6 Bxc4 18. Nxc4 Ncd4 19. Ne3 b5 20. Ncd5 b4 21.
c3 bxc3 22. bxc3 Nb5 23. c4 Nd6 24. Qb2+ f6 25. e5 Nxc4 26. Qb3 a4 27. Qb4 Nxe3
28. Nf4 Qe8 29. Nxe6+ Kh8 30. Nxf8 Nxd1 31. exf6 exf6 32. Rxd1 Qxf8 33. Qxa4
Qc5+ 34. Kf1 Rb8 35. Qd4 Qxd4 36. Rxd4 Rb2 37. a4 Ra2 38. h4 f5 39. Kg1 h6 40.
Kh2 Kg7 41. Kh3 h5 42. Kg3 Kf6 43. Rb4 Kg7 44. Rb7+ Kf6 45. Rb6+ Kg7 46. Ra6
Kf7 47. a5 Ra4 48. Ra7+ Kf6 49. a6 f4+ 50. Kh2 Ra2 51. Ra8 Kg7 52. Kg1 Ra1+ 53.
Kf2 Ra2+ 54. Kf1 Kh7 55. Ra7+ Kh6 56. Kg1 Ra1+ 57. Kh2 Ra2 58. Kh3 Ra3 59. Kh2
Ra2 60. Kg1 Ra1+ 61. Kf2 Ra2+ 62. Kf1 g5 63. hxg5+ Kxg5 64. Ra8 Kh4 65. a7 Ra6
66. Ke2 Ra3 67. Kd2 Ra5 68. Kc3 Ra1 69. Kd4 Ra6 70. Ke4 1-0

[Event "Australasian Masters IM"]
[Site "Melbourne"]
[Date "2014.12.20"]
[Round "8.4"]
[White "Bjelobrk, Igor"]
[Black "Dizdarevic, Mehmedalija"]
[Result "1-0"]
[WhiteElo "2355"]
[BlackElo "1923"]
[PlyCount "83"]
[EventDate "2014.12.??"]
[EventType "tourn"]
[EventRounds "9"]
[EventCountry "AUS"]
[SourceDate "2014.12.14"]

1. Nf3 Nf6 2. c4 b6 3. g3 Bb7 4. Bg2 e6 5. O-O Be7 6. Nc3 O-O 7. Re1 d5 8. cxd5
Nxd5 9. e4 Nb4 10. d4 c5 11. d5 exd5 12. exd5 Bf6 13. Ne5 Re8 14. f4 Nd7 15. a3
Na6 16. Nc6 Rxe1+ 17. Qxe1 Qf8 18. Qd1 Nc7 19. d6 Bxc6 20. Bxc6 Bd4+ 21. Kg2
Qxd6 22. Bxa8 Nxa8 23. Be3 Nc7 24. Qf3 f5 25. Rd1 Nf6 26. h3 a6 27. Kh2 h5 28.
Bxd4 cxd4 29. Qd3 h4 30. Qxf5 hxg3+ 31. Kxg3 Ne6 32. Ne4 Nxe4+ 33. Qxe4 Kf7 34.
Kg4 g6 35. f5 gxf5+ 36. Qxf5+ Ke7 37. Re1 b5 38. h4 a5 39. h5 d3 40. Rxe6+ Qxe6
41. Qxe6+ Kxe6 42. Kf3 1-0

[Event "Australasian Masters IM"]
[Site "Melbourne"]
[Date "2014.12.20"]
[Round "8.5"]
[White "Gorka, Carl"]
[Black "Rujevic, Mirko"]
[Result "1/2-1/2"]
[WhiteElo "2089"]
[BlackElo "2211"]
[PlyCount "41"]
[EventDate "2014.12.??"]
[EventType "tourn"]
[EventRounds "9"]
[EventCountry "AUS"]
[SourceDate "2014.12.14"]

1. e4 e5 2. Nf3 Nc6 3. c3 Nf6 4. d3 d5 5. Nbd2 dxe4 6. dxe4 Bc5 7. Be2 O-O 8.
O-O a6 9. Qc2 Qe7 10. Nc4 Nh5 11. Re1 Nf4 12. Bf1 Qf6 13. b4 Ba7 14. Ne3 Be6
15. a4 Bb6 16. Rb1 Rfe8 17. b5 axb5 18. axb5 Ne7 19. c4 Bc5 20. Bb2 Neg6 21.
Nf5 1/2-1/2

[Event "Australasian Masters IM"]
[Site "Melbourne"]
[Date "2014.12.21"]
[Round "9.1"]
[White "Rujevic, Mirko"]
[Black "Izzat, Kanan"]
[Result "0-1"]
[WhiteElo "2211"]
[BlackElo "2402"]
[PlyCount "56"]
[EventDate "2014.12.??"]
[EventType "tourn"]
[EventRounds "9"]
[EventCountry "AUS"]
[SourceDate "2014.12.14"]

1. e4 c5 2. Nf3 e6 3. d4 cxd4 4. Nxd4 Nc6 5. Nc3 Qc7 6. Be3 a6 7. Be2 Nf6 8.
O-O Bb4 9. Bd3 Ne5 10. Bf4 d6 11. Nde2 O-O 12. a3 Bc5 13. Bg5 Nfg4 14. h3 Nxf2
15. Rxf2 f5 16. Bh4 g5 17. Bg3 f4 18. Kh1 Bd7 19. Rf1 fxg3 20. Nxg3 Rxf1+ 21.
Bxf1 Qb6 22. Rb1 g4 23. Qe2 Rf8 24. b4 Bf2 25. Kh2 Qd4 26. Rb3 Nf3+ 27. gxf3
gxf3 28. Qd3 Bxg3+ 0-1

[Event "Australasian Masters IM"]
[Site "Melbourne"]
[Date "2014.12.21"]
[Round "9.3"]
[White "Smith, Robert"]
[Black "Bjelobrk, Igor"]
[Result "1/2-1/2"]
[WhiteElo "2245"]
[BlackElo "2355"]
[PlyCount "87"]
[EventDate "2014.12.??"]
[EventType "tourn"]
[EventRounds "9"]
[EventCountry "AUS"]
[SourceDate "2014.12.14"]

1. Nf3 d5 2. g3 g6 3. Bg2 Bg7 4. d4 Nf6 5. c4 c6 6. cxd5 cxd5 7. O-O O-O 8. Nc3
Nc6 9. Ne5 Bf5 10. Nxc6 bxc6 11. Bf4 Qb6 12. Na4 Qb5 13. b3 Nd7 14. Rc1 Rfe8
15. Re1 Rac8 16. h3 h5 17. Qd2 e5 18. dxe5 Bxe5 19. Bxe5 Nxe5 20. Nc5 Re7 21.
Kh2 Rce8 22. Qc3 Qb8 23. Red1 h4 24. e4 dxe4 25. Nxe4 Bxe4 26. Bxe4 Ng4+ 27.
hxg4 Rxe4 28. Kh3 Qc8 29. Qf3 hxg3 30. Qxg3 Kg7 31. Rc4 Rxc4 32. bxc4 Re4 33.
c5 f5 34. Qc3+ Kh7 35. Qf6 Qe6 36. Qxe6 Rxe6 37. gxf5 gxf5 38. Rd6 Re2 39. Kg3
Rxa2 40. Rxc6 Kg7 41. f3 Ra4 42. Rd6 Kf7 43. c6 Rc4 44. Rd7+ 1/2-1/2

[Event "Australasian Masters IM"]
[Site "Melbourne"]
[Date "2014.12.21"]
[Round "9.4"]
[White "Jordan, William"]
[Black "Schon, Eugene"]
[Result "1/2-1/2"]
[WhiteElo "2233"]
[BlackElo "2287"]
[PlyCount "71"]
[EventDate "2014.12.??"]
[EventType "tourn"]
[EventRounds "9"]
[EventCountry "AUS"]
[SourceDate "2014.12.14"]

1. e4 e5 2. Nf3 Nc6 3. Bb5 a6 4. Ba4 Nf6 5. Qe2 b5 6. Bb3 Bc5 7. a4 Bb7 8. O-O
O-O 9. d3 h6 10. axb5 axb5 11. Rxa8 Bxa8 12. Nc3 b4 13. Nd5 Nxd5 14. Bxd5 Nd4
15. Nxd4 Bxd4 16. Bb3 d5 17. Be3 Bxe3 18. Qxe3 Qd6 19. Ra1 d4 20. Qf3 Bb7 21.
Qh5 Bc8 22. Ra5 c5 23. h3 Kh7 24. Ra7 g6 25. Qf3 Bd7 26. h4 h5 27. Bc4 Kg7 28.
g3 Be6 29. Bxe6 Qxe6 30. b3 Qb6 31. Ra4 Qe6 32. Qd1 Rc8 33. Qa1 Qd7 34. Ra7 Rc7
35. Ra8 Rc8 36. Ra7 1/2-1/2

[Event "Australasian Masters IM"]
[Site "Melbourne"]
[Date "2014.12.21"]
[Round "9.5"]
[White "Liu, Yi"]
[Black "Canfell, Greg"]
[Result "1-0"]
[WhiteElo "2233"]
[BlackElo "2349"]
[PlyCount "65"]
[EventDate "2014.12.??"]
[EventType "tourn"]
[EventRounds "9"]
[EventCountry "AUS"]
[SourceDate "2014.12.14"]

1. d4 Nf6 2. Nf3 g6 3. c4 Bg7 4. Nc3 O-O 5. e4 d6 6. Be2 e5 7. O-O c6 8. d5 Na6
9. Ne1 Nc5 10. Qc2 a5 11. Be3 cxd5 12. cxd5 b6 13. f3 Nh5 14. Nd3 f5 15. b4
axb4 16. Nxb4 Nf4 17. Rfe1 Ra3 18. Bf1 fxe4 19. fxe4 Qh4 20. Nb5 Rxe3 21. Rxe3
Bh6 22. Ra3 Nxe4 23. g3 Qg4 24. h3 Qg5 25. Qxe4 Bxh3 26. Nxd6 Bxf1 27. Rxf1
Nh3+ 28. Kg2 Rxf1 29. Kxf1 Qc1+ 30. Kg2 Qxa3 31. Kxh3 Bf8 32. Qxe5 Qxb4 33.
Qe6+ 1-0